[Event "Marienbad 2016 - MI - B1"]
[Site "Marianske Lazne CZE"]
[Date "2016.01.16"]
[Round "1.4"]
[White "Frolov, Artur"]
[Black "Gungl, Theo"]
[Result "1-0"]
[WhiteElo "2499"]
[BlackElo "2062"]
[PlyCount "53"]
[EventDate "2016.01.16"]
[EventType "tourn"]
[EventRounds "9"]
[EventCountry "CZE"]
[Source "lmi"]
[SourceDate "2016.01.16"]

1. e4 c5 2. Nf3 d6 3. d4 cxd4 4. Nxd4 Nf6 5. Nc3 a6 6. Be3 e6 7. f3 b5 8. g4
Nfd7 9. Qd2 Nb6 10. Qf2 N8d7 11. O-O-O Bb7 12. Kb1 Rc8 13. Nce2 Qc7 14. Ng3 d5
15. g5 g6 16. h4 Bd6 17. f4 e5 18. fxe5 Bxe5 19. Nge2 dxe4 20. h5 Nd5 21. Bh3
Nxe3 22. Qxe3 Rd8 23. Nc3 O-O 24. hxg6 hxg6 25. Ne6 fxe6 26. Bxe6+ Rf7 27. Rdf1
1-0

[Event "Marienbad 2016 - MI - B1"]
[Site "Marianske Lazne CZE"]
[Date "2016.01.16"]
[Round "1.5"]
[White "German, Nikita"]
[Black "Janik, Igor"]
[Result "0-1"]
[WhiteElo "2078"]
[BlackElo "2263"]
[PlyCount "64"]
[EventDate "2016.01.16"]
[EventType "tourn"]
[EventRounds "9"]
[EventCountry "CZE"]
[Source "lmi"]
[SourceDate "2016.01.16"]

1. e4 c5 2. Nf3 Nc6 3. Bb5 g6 4. Bxc6 bxc6 5. O-O Bg7 6. Re1 Nf6 7. e5 Nd5 8.
c4 Nc7 9. d4 cxd4 10. Qxd4 Ne6 11. Qh4 Rb8 12. Nc3 f6 13. exf6 Bxf6 14. Qg3 Ba6
15. Ne4 Bxc4 16. Nxf6+ exf6 17. b3 Bd5 18. Ba3 Kf7 19. Nd2 Re8 20. Nc4 Bxc4 21.
bxc4 d5 22. cxd5 cxd5 23. Rad1 d4 24. Qh3 h5 25. Qf3 Qa5 26. Qd3 Qb5 27. Qf3
Qb7 28. Qg3 Qd5 29. h3 Qxa2 30. Qd6 Rbd8 31. Qa6 Rd7 32. Re2 Qd5 0-1

[Event "Marienbad 2016 - MI - B1"]
[Site "Marianske Lazne CZE"]
[Date "2016.01.17"]
[Round "2.1"]
[White "Lokander, Martin"]
[Black "Janik, Igor"]
[Result "1-0"]
[WhiteElo "2369"]
[BlackElo "2263"]
[PlyCount "111"]
[EventDate "2016.01.16"]
[EventType "tourn"]
[EventRounds "9"]
[EventCountry "CZE"]
[Source "lmi"]
[SourceDate "2016.01.16"]

1. d4 d6 2. c4 e5 3. dxe5 dxe5 4. Qxd8+ Kxd8 5. Nc3 Be6 6. e4 c6 7. f4 exf4 8.
Bxf4 Nd7 9. Nf3 Ne7 10. Ng5 Ng6 11. Nxe6+ fxe6 12. Bg3 Bc5 13. O-O-O Ke7 14.
Be2 Be3+ 15. Kc2 Bf4 16. Bf2 b6 17. g3 Bh6 18. b4 Rhf8 19. Rhf1 Nge5 20. Bg1
Rxf1 21. Rxf1 a5 22. a3 axb4 23. axb4 c5 24. Rb1 Nc6 25. bxc5 bxc5 26. Rb7 Nd4+
27. Kb2 Bg5 28. e5 Rb8 29. Rxb8 Nxb8 30. Bd1 Bd2 31. Ne4 Bb4 32. Bxd4 cxd4 33.
Ba4 Na6 34. Kb3 Ba5 35. c5 Bc7 36. Bb5 Nxc5+ 37. Nxc5 Bxe5 38. Ne4 h6 39. Kc4
Kf7 40. h3 Kg6 41. g4 h5 42. Be8+ Kh6 43. g5+ Kh7 44. Bxh5 Kg8 45. Nc5 Bf4 46.
Nxe6 Be3 47. g6 Bc1 48. Be2 d3 49. Bxd3 Bb2 50. h4 Bf6 51. h5 Bb2 52. Kd5 Bc3
53. Kc6 Bb2 54. Kd7 Bc1 55. Ke8 Bd2 56. Nd4 1-0

[Event "Marienbad 2016 - MI - B1"]
[Site "Marianske Lazne CZE"]
[Date "2016.01.17"]
[Round "2.2"]
[White "Gungl, Theo"]
[Black "German, Nikita"]
[Result "1/2-1/2"]
[WhiteElo "2062"]
[BlackElo "2078"]
[PlyCount "75"]
[EventDate "2016.01.16"]
[EventType "tourn"]
[EventRounds "9"]
[EventCountry "CZE"]
[Source "lmi"]
[SourceDate "2016.01.16"]

1. e4 c5 2. Nf3 e6 3. d4 cxd4 4. Nxd4 a6 5. Bd3 Qc7 6. O-O Nf6 7. Qe2 Nc6 8.
Nxc6 dxc6 9. e5 Nd7 10. Bf4 Nc5 11. Nd2 Bd7 12. Nc4 Nxd3 13. Qxd3 c5 14. Rfd1
Bc6 15. Nd6+ Bxd6 16. exd6 Qd7 17. Qc3 b6 18. Qxg7 O-O-O 19. Bg3 h5 20. h4 Rhg8
21. Qe5 Rdf8 22. Kh2 f5 23. f3 f4 24. Bxf4 Rf5 25. Qe3 e5 26. Bg5 Rgf8 27. Rf1
Qxd6 28. Rad1 Qc7 29. Kg1 Kb7 30. Qd3 Qf7 31. Rfe1 Re8 32. Re3 Qe6 33. Qd6 Qxa2
34. Qg6 Qf7 35. Qxf7+ Rxf7 36. Rde1 Rf5 37. Kh2 e4 38. fxe4 1/2-1/2

[Event "Marienbad 2016 - MI - B1"]
[Site "Marianske Lazne CZE"]
[Date "2016.01.17"]
[Round "2.3"]
[White "Paramzina, Anastasya"]
[Black "Frolov, Artur"]
[Result "1/2-1/2"]
[WhiteElo "2136"]
[BlackElo "2499"]
[PlyCount "34"]
[EventDate "2016.01.16"]
[EventType "tourn"]
[EventRounds "9"]
[EventCountry "CZE"]
[Source "lmi"]
[SourceDate "2016.01.16"]

1. e4 e5 2. Nf3 Nc6 3. Bc4 Bc5 4. c3 Nf6 5. d3 d6 6. O-O Bb6 7. Bb3 h6 8. Nbd2
O-O 9. Nc4 Re8 10. Re1 Na5 11. Nxb6 axb6 12. Bc2 c5 13. d4 Nc6 14. h3 Qc7 15.
dxe5 dxe5 16. Nh4 Ne7 17. Qf3 Qd6 1/2-1/2

[Event "Marienbad 2016 - MI - B1"]
[Site "Marianske Lazne CZE"]
[Date "2016.01.20"]
[Round "2.4"]
[White "Jurek, Josef"]
[Black "Studnicka, Tomas"]
[Result "1/2-1/2"]
[WhiteElo "2291"]
[BlackElo "2355"]
[PlyCount "38"]
[EventDate "2016.01.16"]
[EventType "tourn"]
[EventRounds "9"]
[EventCountry "CZE"]
[Source "lmi"]
[SourceDate "2016.01.16"]

1. d4 d5 2. c4 e6 3. Nc3 c6 4. Nf3 Nf6 5. Bg5 h6 6. Bxf6 Qxf6 7. Qb3 a5 8. e4
dxe4 9. Nxe4 Bb4+ 10. Qxb4 axb4 11. Nxf6+ gxf6 12. Bd3 Nd7 13. O-O b6 14. Rfe1
Bb7 15. Nd2 c5 16. d5 O-O-O 17. Be4 Rhe8 18. dxe6 Rxe6 19. Bf5 Re5 1/2-1/2

[Event "Marienbad 2016 - MI - B1"]
[Site "Marianske Lazne CZE"]
[Date "2016.01.17"]
[Round "2.5"]
[White "Obolentseva, Alexandra"]
[Black "Grela, Kacper"]
[Result "0-1"]
[WhiteElo "2194"]
[BlackElo "2292"]
[PlyCount "48"]
[EventDate "2016.01.16"]
[EventType "tourn"]
[EventRounds "9"]
[EventCountry "CZE"]
[Source "lmi"]
[SourceDate "2016.01.16"]

1. Nf3 Nf6 2. c4 g6 3. g3 Bg7 4. Bg2 O-O 5. O-O d6 6. Nc3 Nc6 7. Rb1 e5 8. d3
a5 9. a3 h6 10. b4 axb4 11. axb4 Be6 12. b5 Ne7 13. Qb3 Qd7 14. Rd1 Bh3 15. Bh1
Ng4 16. Rd2 f5 17. Rc2 Kh7 18. Nd2 Rab8 19. Ra2 f4 20. Nce4 Qf5 21. Nf3 Ng8 22.
c5 dxc5 23. Nxc5 Rfe8 24. Nh4 fxg3 0-1

[Event "Marienbad 2016 - MI - B1"]
[Site "Marianske Lazne CZE"]
[Date "2016.01.18"]
[Round "3.1"]
[White "Grela, Kacper"]
[Black "Lokander, Martin"]
[Result "0-1"]
[WhiteElo "2292"]
[BlackElo "2369"]
[PlyCount "84"]
[EventDate "2016.01.16"]
[EventType "tourn"]
[EventRounds "9"]
[EventCountry "CZE"]
[Source "lmi"]
[SourceDate "2016.01.16"]

1. e4 Nf6 2. e5 Nd5 3. d4 d6 4. c4 Nb6 5. exd6 exd6 6. Nc3 Nc6 7. Be3 Be7 8.
Nf3 Bf6 9. Ne4 Bg4 10. Rc1 Bxf3 11. Nxf6+ Qxf6 12. Qxf3 Qxf3 13. gxf3 O-O-O 14.
d5 Ne7 15. Bd3 Rde8 16. O-O Nd7 17. f4 Ng6 18. b4 Nf6 19. Rfd1 Kb8 20. Bb1 Nh5
21. Rd4 Nh4 22. Rdd1 h6 23. c5 g5 24. fxg5 hxg5 25. c6 b6 26. a4 f5 27. Rc3 Nf6
28. a5 Ne4 29. Ra3 b5 30. a6 Nf3+ 31. Kg2 Nh4+ 32. Kg1 Nf3+ 33. Kg2 g4 34. Bf4
Rh3 35. Re3 Nh4+ 36. Kg1 Rxe3 37. fxe3 Nc3 38. Rd3 Nxb1 39. Kf2 Nf3 40. h3 Nbd2
41. hxg4 fxg4 42. Kg3 Ne4+ 0-1

[Event "Marienbad 2016 - MI - B1"]
[Site "Marianske Lazne CZE"]
[Date "2016.01.18"]
[Round "3.2"]
[White "Studnicka, Tomas"]
[Black "Obolentseva, Alexandra"]
[Result "0-1"]
[WhiteElo "2355"]
[BlackElo "2194"]
[PlyCount "72"]
[EventDate "2016.01.16"]
[EventType "tourn"]
[EventRounds "9"]
[EventCountry "CZE"]
[Source "lmi"]
[SourceDate "2016.01.16"]

1. d4 Nf6 2. c4 g6 3. Nc3 Bg7 4. e4 d6 5. Bd3 O-O 6. Nge2 c5 7. d5 e6 8. O-O
exd5 9. exd5 Re8 10. Bg5 h6 11. Bh4 Na6 12. h3 Nc7 13. f4 Qd7 14. Qc2 b5 15.
Bxf6 Bxf6 16. Ne4 Qe7 17. Nxf6+ Qxf6 18. f5 g5 19. Rad1 Rb8 20. b3 bxc4 21.
Bxc4 Re3 22. Kh1 Bb7 23. Qd2 Rbe8 24. Qa5 Nxd5 25. Bxd5 Bxd5 26. Rxd5 Rxe2 27.
Qxa7 Qb2 28. Qd7 R8e3 29. f6 Re6 30. Rg1 Qxf6 31. a4 Rxg2 32. Rdd1 Rxg1+ 33.
Kxg1 Re2 34. Qc8+ Kg7 35. Rf1 Qd4+ 36. Kh1 Qe4+ 0-1

[Event "Marienbad 2016 - MI - B1"]
[Site "Marianske Lazne CZE"]
[Date "2016.01.18"]
[Round "3.3"]
[White "Frolov, Artur"]
[Black "Jurek, Josef"]
[Result "1-0"]
[WhiteElo "2499"]
[BlackElo "2291"]
[PlyCount "57"]
[EventDate "2016.01.16"]
[EventType "tourn"]
[EventRounds "9"]
[EventCountry "CZE"]
[Source "lmi"]
[SourceDate "2016.01.16"]

1. e4 e6 2. d4 d5 3. Nd2 c5 4. exd5 Qxd5 5. Ngf3 cxd4 6. Bc4 Qd7 7. O-O Nc6 8.
Nb3 Nf6 9. Nbxd4 Nxd4 10. Nxd4 a6 11. Re1 b5 12. Bb3 Be7 13. Bg5 Bb7 14. c3 Rd8
15. a4 b4 16. Qc1 Bd5 17. cxb4 Bxb3 18. Nxb3 Bxb4 19. Bxf6 gxf6 20. Re4 Qb7 21.
Rc4 Rg8 22. g3 Rg5 23. Nd4 Bc5 24. Rxc5 Rxd4 25. Rxg5 fxg5 26. Qxg5 Qxb2 27.
Rc1 Qd2 28. Rc8+ Rd8 29. Qxd2 1-0

[Event "Marienbad 2016 - MI - B1"]
[Site "Marianske Lazne CZE"]
[Date "2016.01.18"]
[Round "3.4"]
[White "German, Nikita"]
[Black "Paramzina, Anastasya"]
[Result "1/2-1/2"]
[WhiteElo "2078"]
[BlackElo "2136"]
[PlyCount "68"]
[EventDate "2016.01.16"]
[EventType "tourn"]
[EventRounds "9"]
[EventCountry "CZE"]
[Source "lmi"]
[SourceDate "2016.01.16"]

1. e4 c5 2. Nf3 d6 3. d4 cxd4 4. Nxd4 Nf6 5. Nc3 a6 6. Be2 e6 7. O-O Be7 8. Be3
O-O 9. a4 Qc7 10. f4 Nc6 11. Bf3 Re8 12. Kh1 Bd7 13. Nb3 b6 14. g4 Bc8 15. Bg2
Bb7 16. g5 Nd7 17. Rf3 Nb4 18. Nd4 Bf8 19. Rh3 g6 20. Qd2 Rad8 21. Qf2 Bg7 22.
Rf1 f5 23. gxf6 Nxf6 24. Qh4 e5 25. Nde2 exf4 26. Nxf4 Re5 27. Nfd5 Nbxd5 28.
Nxd5 Bxd5 29. exd5 Rh5 30. Qb4 Qxc2 31. Qxb6 Re8 32. Rxh5 gxh5 33. Bd4 Ne4 34.
Bxg7 Kxg7 1/2-1/2

[Event "Marienbad 2016 - MI - B1"]
[Site "Marianske Lazne CZE"]
[Date "2016.01.18"]
[Round "3.5"]
[White "Janik, Igor"]
[Black "Gungl, Theo"]
[Result "1/2-1/2"]
[WhiteElo "2263"]
[BlackElo "2062"]
[PlyCount "170"]
[EventDate "2016.01.16"]
[EventType "tourn"]
[EventRounds "9"]
[EventCountry "CZE"]
[Source "lmi"]
[SourceDate "2016.01.16"]

1. e4 c5 2. Nf3 d6 3. d4 cxd4 4. Nxd4 Nf6 5. Nc3 a6 6. g3 e6 7. Bg2 Bd7 8. O-O
Nc6 9. Be3 Be7 10. f4 Qc7 11. Nb3 O-O 12. g4 Na5 13. g5 Ne8 14. Nxa5 Qxa5 15.
f5 Bd8 16. fxe6 Bxe6 17. Nd5 Rc8 18. c3 Qb5 19. Qb3 Qxb3 20. axb3 Nc7 21. Nb6
Rb8 22. c4 Na8 23. Nd5 Re8 24. Rfd1 Nc7 25. Nb4 Be7 26. Bf4 Bg4 27. Rd3 Ne6 28.
Bxd6 Bxd6 29. Rxd6 Nxg5 30. Re1 Bf3 31. e5 Bxg2 32. Kxg2 Ne6 33. Nd5 Rbd8 34.
Rb6 Rd7 35. b4 Rc8 36. Rd6 Rcd8 37. c5 Kf8 38. Re4 Ke8 39. Rg4 Rxd6 40. exd6 a5
41. Rc4 axb4 42. Nxb4 Kd7 43. Nd3 Kc6 44. b4 f6 45. Kf3 Kd5 46. Rc1 b6 47. Nf4+
Nxf4 48. Kxf4 bxc5 49. bxc5 g6 50. Rc2 Ra8 51. Ke3 Ra3+ 52. Ke2 Kc6 53. Kf2 Rh3
54. Kf1 Rd3 55. Ke2 Rh3 56. Kd1 Rd3+ 57. Rd2 Rxd2+ 58. Kxd2 f5 59. Ke3 g5 60.
Kd4 f4 61. Ke4 h6 62. h3 Kd7 63. Kf3 Kc6 64. Kg4 Kd7 65. h4 Kc6 66. h5 Kd7 67.
Kf3 Kc6 68. Ke4 Kd7 69. Kd5 f3 70. c6+ Kd8 71. Ke6 f2 72. c7+ Kc8 73. Ke7 f1=Q
74. d7+ Kxc7 75. d8=Q+ Kc6 76. Qd6+ Kb5 77. Qxh6 Qe2+ 78. Kf6 Qf3+ 79. Kxg5
Qe3+ 80. Kg6 Qe6+ 81. Kh7 Qf7+ 82. Kh8 Qe8+ 83. Kg7 Qe7+ 84. Kg8 Qe8+ 85. Qf8
Qxh5 1/2-1/2

[Event "Marienbad 2016 - MI - B1"]
[Site "Marianske Lazne CZE"]
[Date "2016.01.19"]
[Round "4.1"]
[White "Lokander, Martin"]
[Black "Gungl, Theo"]
[Result "1/2-1/2"]
[WhiteElo "2369"]
[BlackElo "2062"]
[PlyCount "119"]
[EventDate "2016.01.16"]
[EventType "tourn"]
[EventRounds "9"]
[EventCountry "CZE"]
[Source "lmi"]
[SourceDate "2016.01.16"]

1. d4 d5 2. c4 c6 3. Nc3 Nf6 4. cxd5 cxd5 5. f3 Nc6 6. e4 e6 7. e5 Nd7 8. f4
Nb6 9. Nf3 Bd7 10. Bd3 Be7 11. O-O Rc8 12. Qe2 a6 13. a3 Na5 14. Bd2 Nbc4 15.
Be1 Qb6 16. Rb1 Nb3 17. Qf2 g6 18. Kh1 Nca5 19. Qe2 Nc6 20. Bf2 Qa7 21. Qd1
Nca5 22. Bc2 Qb6 23. Ne1 Rc4 24. Ne2 O-O 25. Bg1 Rfc8 26. Rf3 Ba4 27. Nc3 Bd7
28. f5 Rxd4 29. Nd3 gxf5 30. Rg3+ Kf8 31. Qh5 Rh4 32. Qxh4 Qxg1+ 33. Rxg1 Bxh4
34. Rh3 Bg5 35. Bd1 h6 36. Ne2 Nd2 37. g4 fxg4 38. Rxg4 Nac4 39. Nd4 Ne4 40.
Nf3 Ne3 41. Rg1 Nxd1 42. Rxd1 Bb5 43. Nxg5 Bxd3 44. Nxe6+ Ke7 45. Nf4 Nf2+ 46.
Kg2 Nxd1 47. Rxd3 Nxb2 48. Rb3 Rc2+ 49. Kg3 b5 50. Nxd5+ Ke6 51. Nb4 Re2 52.
Nxa6 Nc4 53. Nc7+ Kxe5 54. Rxb5+ Kd6 55. Rh5 Nxa3 56. Nb5+ Nxb5 57. Rxb5 Ke7
58. Rb7+ Kf6 59. Rb6+ Re6 60. Rb3 1/2-1/2

[Event "Marienbad 2016 - MI - B1"]
[Site "Marianske Lazne CZE"]
[Date "2016.01.19"]
[Round "4.2"]
[White "Paramzina, Anastasya"]
[Black "Janik, Igor"]
[Result "0-1"]
[WhiteElo "2136"]
[BlackElo "2263"]
[PlyCount "120"]
[EventDate "2016.01.16"]
[EventType "tourn"]
[EventRounds "9"]
[EventCountry "CZE"]
[Source "lmi"]
[SourceDate "2016.01.16"]

1. e4 c5 2. Nf3 d6 3. d4 cxd4 4. Nxd4 Nf6 5. Nc3 g6 6. Be3 Bg7 7. f3 O-O 8. Qd2
Nc6 9. g4 Bxg4 10. fxg4 Nxg4 11. Nxc6 bxc6 12. Bf4 Rb8 13. Nd1 e5 14. Bg5 Bf6
15. h4 h6 16. Bxf6 Qxf6 17. Be2 h5 18. Bxg4 hxg4 19. Qg2 Qe6 20. h5 Kg7 21.
hxg6 fxg6 22. Ne3 d5 23. Nxg4 d4 24. b3 Qe7 25. Qg3 Rf4 26. Nf2 Rbf8 27. Qh3
Qb4+ 28. c3 dxc3 29. Qh7+ Kf6 30. O-O c2 31. Nh3 Qd4+ 32. Kh2 Qd2+ 33. Kh1 Ke6
34. Nxf4+ Rxf4 35. Qh3+ Kd6 36. Rxf4 exf4 37. e5+ Kxe5 38. Qh8+ Ke4 39. Qe8+
Kd4 40. Qd7+ Kc3 41. Qg7+ Qd4 42. Qxg6 Kb2 43. Rf1 Qd5+ 44. Kg1 Qc5+ 45. Kg2
c1=Q 46. Rxc1 Qxc1 47. Qg7+ Kxa2 48. Qxa7+ Kxb3 49. Qb6+ Ka2 50. Qa6+ Kb1 51.
Kf2 Qe3+ 52. Kf1 c5 53. Qb5+ Kc2 54. Qa4+ Kd3 55. Qb3+ Kd4 56. Qb2+ Qc3 57.
Qf2+ Ke5 58. Qe2+ Kf6 59. Qa6+ Kg5 60. Qe6 Qf3+ 0-1

[Event "Marienbad 2016 - MI - B1"]
[Site "Marianske Lazne CZE"]
[Date "2016.01.19"]
[Round "4.3"]
[White "Jurek, Josef"]
[Black "German, Nikita"]
[Result "1/2-1/2"]
[WhiteElo "2291"]
[BlackElo "2078"]
[PlyCount "74"]
[EventDate "2016.01.16"]
[EventType "tourn"]
[EventRounds "9"]
[EventCountry "CZE"]
[Source "lmi"]
[SourceDate "2016.01.16"]

1. Nf3 Nf6 2. c4 g6 3. d4 Bg7 4. g3 d6 5. Nc3 O-O 6. Bg2 c6 7. O-O Qb6 8. c5
dxc5 9. Na4 Qd8 10. Nxc5 Nbd7 11. Nd3 Nb6 12. b3 a5 13. a4 Bf5 14. Bb2 Qc8 15.
Re1 Rd8 16. e3 Nbd7 17. Rc1 Be4 18. Bh3 e6 19. Ng5 Bxd3 20. Qxd3 h6 21. Nf3 Nd5
22. e4 Nb4 23. Qe2 Qb8 24. Red1 Qa7 25. Bg2 Rac8 26. Bc3 Qb6 27. h3 Re8 28. Qb2
Rcd8 29. Bf1 Qa7 30. Qd2 Nf6 31. Bxb4 axb4 32. Qe3 Nd7 33. Qe1 Qa5 34. Rc4 Bf8
35. Rcc1 Bg7 36. Rc4 Bf8 37. Rcc1 Bg7 1/2-1/2

[Event "Marienbad 2016 - MI - B1"]
[Site "Marianske Lazne CZE"]
[Date "2016.01.19"]
[Round "4.4"]
[White "Obolentseva, Alexandra"]
[Black "Frolov, Artur"]
[Result "0-1"]
[WhiteElo "2194"]
[BlackElo "2499"]
[PlyCount "108"]
[EventDate "2016.01.16"]
[EventType "tourn"]
[EventRounds "9"]
[EventCountry "CZE"]
[Source "lmi"]
[SourceDate "2016.01.16"]

1. d4 Nf6 2. c4 g6 3. Nc3 Bg7 4. e4 d6 5. Nf3 O-O 6. Be2 e5 7. O-O Nc6 8. d5
Ne7 9. b4 Nh5 10. Re1 h6 11. c5 f5 12. Nd2 Nf6 13. Bf3 g5 14. exf5 Nxf5 15. Nb3
Nh4 16. Be2 g4 17. Ba3 a6 18. b5 axb5 19. Bb4 h5 20. Bf1 Bf5 21. Bd3 e4 22. Bf1
Ne8 23. Nd4 Qf6 24. Ncxb5 Rf7 25. g3 Nf3+ 26. Nxf3 Qxa1 27. Qxa1 Bxa1 28. Ng5
Rxa2 29. Nxf7 Kxf7 30. cxd6 cxd6 31. Bxd6 Kf6 32. Bc5 Be5 33. Be3 Rb2 34. Na3
Nd6 35. Rb1 Rxb1 36. Nxb1 b5 37. Na3 b4 38. Nb1 b3 39. Be2 b2 40. Kf1 Bg6 41.
Ke1 Bf7 42. Bd1 Bxd5 43. Bc2 Nc4 44. Bc5 Ke6 45. Kd1 Bf6 46. Ke2 Ne5 47. Nc3
Bc4+ 48. Ke3 Bd3 49. Bxd3 Nxd3 50. Bd4 Nxf2 51. Nb1 Bxd4+ 52. Kxd4 Kf5 53. Ke3
Nd3 54. Kd2 Ne5 0-1

[Event "Marienbad 2016 - MI - B1"]
[Site "Marianske Lazne CZE"]
[Date "2016.01.19"]
[Round "4.5"]
[White "Grela, Kacper"]
[Black "Studnicka, Tomas"]
[Result "1-0"]
[WhiteElo "2292"]
[BlackElo "2355"]
[PlyCount "59"]
[EventDate "2016.01.16"]
[EventType "tourn"]
[EventRounds "9"]
[EventCountry "CZE"]
[Source "lmi"]
[SourceDate "2016.01.16"]

1. e4 e5 2. Nf3 Nf6 3. d4 Nxe4 4. Bd3 d5 5. Nxe5 Nd7 6. Nc3 Nxe5 7. dxe5 Nc5 8.
Nxd5 Nxd3+ 9. Qxd3 c6 10. Nc3 Qxd3 11. cxd3 Bf5 12. d4 Bb4 13. Bd2 O-O-O 14.
Ne2 Bxd2+ 15. Kxd2 f6 16. exf6 gxf6 17. Kc3 Rhg8 18. Nf4 Kc7 19. Rhe1 Rd7 20.
Re3 Kb6 21. g3 Rd6 22. Re7 Rgd8 23. Rd1 a5 24. f3 Ka6 25. g4 Bg6 26. Ne6 Rb8
27. h4 h6 28. h5 Be8 29. Rxe8 Rxe8 30. Nc7+ 1-0

[Event "Marienbad 2016 - MI - B1"]
[Site "Marianske Lazne CZE"]
[Date "2016.01.19"]
[Round "5.1"]
[White "Studnicka, Tomas"]
[Black "Lokander, Martin"]
[Result "1-0"]
[WhiteElo "2355"]
[BlackElo "2369"]
[PlyCount "111"]
[EventDate "2016.01.16"]
[EventType "tourn"]
[EventRounds "9"]
[EventCountry "CZE"]
[Source "lmi"]
[SourceDate "2016.01.16"]

1. Nf3 Nf6 2. c4 Nc6 3. d4 e6 4. Nc3 Bb4 5. e3 Bxc3+ 6. bxc3 b6 7. Bd3 Ba6 8.
Ba3 Na5 9. Qe2 d6 10. e4 Ng8 11. e5 d5 12. Nd2 Ne7 13. Bxe7 Qxe7 14. cxd5 Bxd3
15. Qxd3 exd5 16. O-O O-O-O 17. Qa6+ Kb8 18. Rfb1 Ka8 19. Nb3 Nc4 20. Nc5 c6
21. Qa4 Rc8 22. Nd3 f6 23. Re1 fxe5 24. Nxe5 Nxe5 25. Rxe5 Qd7 26. f4 Rhf8 27.
Rae1 Rf7 28. g3 g6 29. Qb3 h5 30. Re6 h4 31. Qc2 hxg3 32. hxg3 c5 33. dxc5 Rxc5
34. Kg2 d4 35. Qe4+ Qd5 36. cxd4 Rc2+ 37. Kf3 Qxe4+ 38. Kxe4 Rxa2 39. d5 Kb7
40. Rxg6 Rg2 41. d6 Kc6 42. Rc1+ Kb7 43. Kd5 Re2 44. Rc7+ Rxc7 45. dxc7 Rd2+
46. Ke6 Kxc7 47. Rg7+ Kc6 48. Rxa7 Rg2 49. Ra3 Re2+ 50. Kf6 b5 51. f5 b4 52.
Rb3 Kc5 53. g4 Kc4 54. Rb1 b3 55. g5 b2 56. g6 1-0

[Event "Marienbad 2016 - MI - B1"]
[Site "Marianske Lazne CZE"]
[Date "2016.01.19"]
[Round "5.2"]
[White "Frolov, Artur"]
[Black "Grela, Kacper"]
[Result "1/2-1/2"]
[WhiteElo "2499"]
[BlackElo "2292"]
[PlyCount "69"]
[EventDate "2016.01.16"]
[EventType "tourn"]
[EventRounds "9"]
[EventCountry "CZE"]
[Source "lmi"]
[SourceDate "2016.01.16"]

1. e4 c5 2. Nf3 Nc6 3. d4 cxd4 4. Nxd4 Nf6 5. Nc3 d6 6. Bc4 e5 7. Nde2 Be7 8.
h3 Be6 9. Bb3 Rc8 10. g4 Na5 11. g5 Nd7 12. h4 Nc4 13. Nd5 Ndb6 14. Nec3 Rc5
15. Qd3 Qc8 16. Bxc4 Rxc4 17. Nxe7 Kxe7 18. Be3 Qc6 19. Bxb6 Qxb6 20. O-O-O
Rhc8 21. a3 Qc5 22. Rd2 b5 23. Rhd1 Rc6 24. Qe3 Qxe3 25. fxe3 Rb6 26. h5 a5 27.
g6 hxg6 28. hxg6 b4 29. Nd5+ Bxd5 30. Rxd5 bxa3 31. bxa3 Rxe4 32. Rxa5 fxg6 33.
Ra7+ Kf6 34. Rf1+ Ke6 35. Kd2 1/2-1/2

[Event "Marienbad 2016 - MI - B1"]
[Site "Marianske Lazne CZE"]
[Date "2016.01.19"]
[Round "5.3"]
[White "German, Nikita"]
[Black "Obolentseva, Alexandra"]
[Result "1/2-1/2"]
[WhiteElo "2078"]
[BlackElo "2194"]
[PlyCount "56"]
[EventDate "2016.01.16"]
[EventType "tourn"]
[EventRounds "9"]
[EventCountry "CZE"]
[Source "lmi"]
[SourceDate "2016.01.16"]

1. e4 c5 2. Nf3 d6 3. d4 cxd4 4. Nxd4 Nf6 5. Nc3 a6 6. Be2 e6 7. f4 Qb6 8. a4
Nbd7 9. a5 Qa7 10. Be3 b5 11. axb6 Nxb6 12. O-O Qc7 13. Bd3 Bb7 14. Qe2 Be7 15.
Bxa6 O-O 16. Bxb7 Qxb7 17. Bf2 Rab8 18. Ndb5 Nc8 19. Rfe1 Nd7 20. b3 Qc6 21.
Qf3 Rxb5 22. Nxb5 Qxb5 23. c4 Qb7 24. Red1 Nc5 25. Bxc5 dxc5 26. e5 Qc7 27. Ra6
h6 28. Qc6 Qb8 1/2-1/2

[Event "Marienbad 2016 - MI - B1"]
[Site "Marianske Lazne CZE"]
[Date "2016.01.19"]
[Round "5.4"]
[White "Janik, Igor"]
[Black "Jurek, Josef"]
[Result "1/2-1/2"]
[WhiteElo "2263"]
[BlackElo "2291"]
[PlyCount "66"]
[EventDate "2016.01.16"]
[EventType "tourn"]
[EventRounds "9"]
[EventCountry "CZE"]
[Source "lmi"]
[SourceDate "2016.01.16"]

1. e4 e6 2. d4 d5 3. Nd2 Be7 4. Bd3 c5 5. dxc5 Nf6 6. Qe2 O-O 7. Ngf3 a5 8. O-O
Na6 9. exd5 exd5 10. Re1 Re8 11. Nb3 Nxc5 12. Bb5 Bd7 13. Be3 Nce4 14. Bxd7
Qxd7 15. Ne5 Qc7 16. Nd3 a4 17. Nd4 a3 18. b3 Nc3 19. Qf1 Ng4 20. Bf4 Bd6 21.
Bg3 Bxg3 22. hxg3 Qb6 23. Nf5 Qf6 24. Rxe8+ Rxe8 25. Re1 Re6 26. Nh4 g5 27. Nf3
Ne4 28. Re2 Qh6 29. Qe1 Rf6 30. Rxe4 dxe4 31. Qxe4 Qh5 32. Qxb7 Kg7 33. Qe4 Re6
1/2-1/2

[Event "Marienbad 2016 - MI - B1"]
[Site "Marianske Lazne CZE"]
[Date "2016.01.19"]
[Round "5.5"]
[White "Gungl, Theo"]
[Black "Paramzina, Anastasya"]
[Result "1-0"]
[WhiteElo "2062"]
[BlackElo "2136"]
[PlyCount "65"]
[EventDate "2016.01.16"]
[EventType "tourn"]
[EventRounds "9"]
[EventCountry "CZE"]
[Source "lmi"]
[SourceDate "2016.01.16"]

1. e4 c5 2. Nf3 d6 3. d4 cxd4 4. Nxd4 Nf6 5. Nc3 a6 6. Bg5 e6 7. f4 Be7 8. Qf3
Nbd7 9. O-O-O Qc7 10. g4 h6 11. Bxf6 Bxf6 12. h4 g5 13. hxg5 hxg5 14. f5 Rxh1
15. Qxh1 Ne5 16. Qh5 Kd8 17. Be2 Qe7 18. fxe6 fxe6 19. Rf1 Bd7 20. Qh6 Bg7 21.
Qh7 Rc8 22. Kb1 Bf6 23. Qh6 Bg7 24. Qh7 Bf6 25. Qh6 Bg7 26. Qh5 Be8 27. Qxg5
Qxg5 28. Nxe6+ Kd7 29. Nxg5 Nc4 30. Bxc4 Rxc4 31. Nd5 Rd4 32. c3 Rd2 33. Nf6+
1-0

[Event "Marienbad 2016 - MI - B1"]
[Site "Marianske Lazne CZE"]
[Date "2016.01.20"]
[Round "6.1"]
[White "Lokander, Martin"]
[Black "Paramzina, Anastasya"]
[Result "1/2-1/2"]
[WhiteElo "2369"]
[BlackElo "2136"]
[PlyCount "33"]
[EventDate "2016.01.16"]
[EventType "tourn"]
[EventRounds "9"]
[EventCountry "CZE"]
[Source "lmi"]
[SourceDate "2016.01.16"]

1. e4 c5 2. Nf3 d6 3. d4 cxd4 4. Nxd4 Nf6 5. Nc3 a6 6. Bg5 Nbd7 7. Qe2 h6 8.
Bh4 Qc7 9. f4 e5 10. Nf5 b5 11. O-O-O Bb7 12. fxe5 dxe5 13. Bxf6 Nxf6 14. Nd5
Bxd5 15. exd5 g6 16. Ng3 Rc8 17. Kb1 1/2-1/2

[Event "Marienbad 2016 - MI - B1"]
[Site "Marianske Lazne CZE"]
[Date "2016.01.20"]
[Round "6.2"]
[White "Jurek, Josef"]
[Black "Gungl, Theo"]
[Result "1/2-1/2"]
[WhiteElo "2291"]
[BlackElo "2062"]
[PlyCount "41"]
[EventDate "2016.01.16"]
[EventType "tourn"]
[EventRounds "9"]
[EventCountry "CZE"]
[Source "lmi"]
[SourceDate "2016.01.16"]

1. Nf3 d5 2. e3 Nf6 3. c4 c6 4. Nc3 e6 5. b3 Nbd7 6. Qc2 Bd6 7. Be2 O-O 8. Bb2
a6 9. d4 Qe7 10. Rd1 b5 11. O-O Bb7 12. e4 dxe4 13. Nxe4 Nxe4 14. Qxe4 bxc4 15.
bxc4 Nf6 16. Qh4 c5 17. Rfe1 cxd4 18. Nxd4 Ne4 19. Qxe7 Bxe7 20. Bf3 Rab8 21.
Nb3 1/2-1/2